<?xml version="1.0" encoding="UTF-8"?>
<collection xmlns="http://www.loc.gov/MARC21/slim">
 <record>
  <leader>00973cam a2200229 7i4500</leader>
  <controlfield tag="001">0000059413</controlfield>
  <controlfield tag="005">20080615090000.0</controlfield>
  <controlfield tag="008">080615s2006                        eng   </controlfield>
  <datafield tag="020" ind1="#" ind2="#">
   <subfield code="a">007146221X </subfield>
  </datafield>
  <datafield tag="020" ind1="#" ind2="#">
   <subfield code="a">9780071462211 </subfield>
  </datafield>
  <datafield tag="090" ind1="0" ind2="0">
   <subfield code="a">RJ 506 .H9 </subfield>
   <subfield code="b">G6 2006</subfield>
  </datafield>
  <datafield tag="100" ind1="1" ind2="#">
   <subfield code="a">Gottlieb, David </subfield>
  </datafield>
  <datafield tag="245" ind1="1" ind2="0">
   <subfield code="a">Why is my child's ADHD not better yet? : </subfield>
   <subfield code="b">recognizing the undiagnosed secondary conditions that may be affecting your child's treatment  </subfield>
   <subfield code="c">David Gottlieb, Thomas Shoaf, Risa Graff.</subfield>
  </datafield>
  <datafield tag="260" ind1="#" ind2="#">
   <subfield code="a">New York: </subfield>
   <subfield code="b">McGraw-Hill, </subfield>
   <subfield code="c">2006.</subfield>
  </datafield>
  <datafield tag="300" ind1="#" ind2="#">
   <subfield code="a">xiii, 207 p.; </subfield>
   <subfield code="c">23 cm..</subfield>
  </datafield>
  <datafield tag="504" ind1="0" ind2="0">
   <subfield code="a">Includes bibliographical references (p. 187-199) and index</subfield>
  </datafield>
  <datafield tag="650" ind1="0" ind2="0">
   <subfield code="a">Manic depressive illness in children -- </subfield>
   <subfield code="x">Popular works </subfield>
  </datafield>
  <datafield tag="650" ind1="0" ind2="0">
   <subfield code="a">Depression in children -- </subfield>
   <subfield code="x">Popular works </subfield>
  </datafield>
  <datafield tag="650" ind1="0" ind2="0">
   <subfield code="a">Attention-deficit hyperactivity disorder -- </subfield>
   <subfield code="x">Complications -- </subfield>
   <subfield code="x">Popular works </subfield>
  </datafield>
  <datafield tag="700" ind1="1" ind2="1">
   <subfield code="a">Shoaf, Thomas </subfield>
  </datafield>
  <datafield tag="700" ind1="1" ind2="1">
   <subfield code="a">Graff, Risa </subfield>
  </datafield>
  <datafield tag="999" ind1=" " ind2=" ">
   <subfield code="a">1100056034</subfield>
   <subfield code="b">Book</subfield>
   <subfield code="c">Open Shelf</subfield>
   <subfield code="e">KOLEKSI TERBUKA</subfield>
  </datafield>
 </record>
</collection>
